000 01295cab a22003015a 4500
001 L147045
008 090325e2009 xxk f v 000 0 eng d
035 _a(Sirsi) u147045
041 0 _aeng
100 1 _aDowding, Nicholas
245 0 4 _aThe tools of the trade
260 _c2009
490 0 _aEstates Gazette
_v(0911) 21 March 2009, 110-112(2)
520 _aExplains that dilapidations claims are returning, so landlords and tenants need to be aware of the statutory cap on damages. With reference to relevant case law, sets out how landlords approach section 18(1) of the Landlord and Tenant Act 1927 and then discusses other events after the term date as well as expert evidence on diminution. Concludes by discussing the meaning of value.
590 _aKA
650 2 4 _aLANDLORD AND TENANT ACT 1927 S18(1)
650 2 4 _aSMILEY V TOWNSHEND
650 2 4 _aFAMILY MANAGEMENT V GRAY
650 2 4 _aLATIMER V CARNEY
650 2 4 _aCROWN ESTATE COMMISSIONERS V TOWN INVESTMENTS LTD
650 2 4 _aJONES V HERXHEIMER
650 2 4 _aCREWE SERVICES & INVESTMENT CORPORATION V SILK
650 2 4 _aRUXLEY ELECTRONICS & CONSTRUCTION LTD V FORSYTH
651 4 _aEngland and Wales
_y1543-
690 _aPROPERTY-LANDLORD AND TENANT-DILAPIDATIONS
700 1 _aCohen, Roger
942 _n0
999 _c81360
_d81360